000 01644nam a2200445 i 4500
001 14444
003 KOSZ 005
005 20210218131350.0
008 190622s1971 pl a f 001 0 pol
015 _aPB 1972/661
035 _a991035707939705066
035 _a(PL-WaBN)b19602650-48omnis_nlop
035 _ab19602650
035 _a(OCoLC)749493614
035 _a(PL)b0000001960265
035 _a(EXLNZ-48OMNIS_NETWORK)9910113083305606
040 _aWA N
_cWA N
_dKOSZ 005/RW
046 _k1971
080 _a681.3:65
245 0 0 _aAutomatyczne przetwarzanie informacji :
_bpraca zbiorowa /
_cpod redakcją naukową Zdzisława Hellwiga ; [autorzy Stanisław Krawczyk et al.].
260 _aWarszawa :
_bPaństwowe Wydawnictwo Ekonomiczne,
_c1971.
300 _a447, [1] stron, [6] stron tablic :
_bilustracje ;
_c23 cm.
336 _aTekst
_btxt
_2rdacontent
337 _aBez urządzenia pośredniczącego
_bn
_2rdamedia
338 _aWolumin
_bnc
_2rdacarrier
380 _aKsiążki
380 _aPublikacje naukowe
388 _a1901-2000
504 _aBibliografia przy rozdziałach. Indeks.
650 7 _aKomputeryzacja
658 _aInformatyka i technologie informacyjne
658 _aGospodarka, ekonomia, finanse
650 7 _aPrzetwarzanie danych
_2DBN
700 1 _aKrawczyk, Stanisław.
_eAutor
710 2 _aPaństwowe Wydawnictwo Ekonomiczne
_4pbl
700 1 _aHellwig, Zdzisław
_d(1925-2013)
_eRedakcja
856 _uhttp://koha.tu.koszalin.pl/cgi-bin/koha/opac-detail.pl?biblionumber=14444
_yKatalog online BPK
942 _2UKD
_cKS
999 _c14444
_d14444